000 00395nam a2200145 a 4500
001 000025022
005 20200930023519.0
008 110209s1996 dr a 000 0 spa d
040 _aDO-SdBNP
_bspa
_cBNPHU
082 _axxx
_bB213c
245 1 0 _aBanco Central de la República Dominicana.
260 _aSanto Domingo :
_bTele-3,
_c[1996].
300 _a164 p. :
_bretr. ;
_c29 cm.
049 _aBNPD
999 _c24515
_d24515